Reports on current research during the years 1980-1981 on the use of mathematical methods in economic analysis

Saved in:
Bibliographic Details
Format: Book
Language:English
Published: Geneva United Nations 1982
Tags: Add Tag
No Tags, Be the first to tag this record!

MARC

LEADER 00000nam a2200000 4500
001 c134553
005 20260310110712.0
041 0 |a eng 
044 |a CH 
245 1 0 |a Reports on current research during the years 1980-1981 on the use of mathematical methods in economic analysis 
264 1 |a Geneva  |b United Nations  |c 1982 
300 |a 165 s.